Fr. Conceicao Rodrigues College of Engineering

Aphrodite (Record no. 18275)

MARC details
000 -LEADER
fixed length control field 00291nam a2200157Ia 4500
082 ## - DEWEY DECIMAL CLASSIFICATION NUMBER
Classification number 808.8
Item number LOU
100 ## - MAIN ENTRY--PERSONAL NAME
Personal name Louys/ Pierre
245 ## - TITLE STATEMENT
Title Aphrodite
260 ## - PUBLICATION, DISTRIBUTION, ETC.
Name of publisher, distributor, etc. none
300 ## - PHYSICAL DESCRIPTION
Extent 236
546 ## - LANGUAGE NOTE
Language note ENGLISH
650 ## - SUBJECT ADDED ENTRY--TOPICAL TERM
Topical term or geographic name entry element General
654 ## - SUBJECT ADDED ENTRY--FACETED TOPICAL TERMS
Focus term Aphrodite
942 ## - ADDED ENTRY ELEMENTS (KOHA)
Koha item type BOOK
Holdings
Withdrawn status Lost status Damaged status Not for loan Collection Home library Current library Date acquired Total Checkouts Full call number Barcode Date last seen Price effective from Koha item type
        PT Fr. Agnel's C.Rodrigues College of Engineering Fr. Agnel's C.Rodrigues College of Engineering 17/03/2023   808.8 LOU PT435 17/03/2023 17/03/2023 BOOK